000 01866cam a2200181 4500500
005 20260329002819.0
041 _afre
042 _adc
100 1 0 _aGlachant, Matthieu
_eauthor
245 0 0 _aNational Policies for Pricing Household Waste Disposal Services in the Presence of Heterogeneous Municipal Policies
260 _c2005.
500 _a14
520 _aThis article describes the situation in which municipalities are responsible for selecting the instruments for downstream pricing of household waste disposal services – incentive pricing system or flat-rate tax–while at the same time a national regulator may be in a position to impose an upstream tax on the intrinsic waste content of products. The model incorporates the possibility that households may dispose of their waste illegally in order to avoid the incentive payments. The starting point of the analysis — which is realistic — is to assume that a number of municipalities will apply inefficient flat-rate taxes. In these circumstances, what constitutes an efficient national policy as regards upstream taxation? We show that it includes an upstream tax whose rate declines as the number of municipalities adopting an incentive payment system increases. Moreover, we establish the fact that failure to allocate the total receipts of the upstream tax to the municipalities leads to a distortion of their choices regarding pricing. Finally, we show that the illegal disposal of waste poses a problem of efficiency only when the incentive payment systems have been adopted by a sufficient number of municipalities.
690 _apricing system
690 _awaste disposal
786 0 _nEconomie & prévision | o 167 | 1 | 2005-03-01 | p. 85-100 | 0249-4744
856 4 1 _uhttps://shs.cairn.info/journal-economie-et-prevision-1-2005-1-page-85?lang=en&redirect-ssocas=7080
999 _c1818674
_d1818674